000 01349nam a22003857a 4500
003 CHAP
005 20220817040827.0
008 971013s1990 r 00010 d
010 _a994
011 _a1966
035 _a1151
040 _cCHAP
090 _aTesis
100 0 0 _aBastida Tapia, Aurelio.
_910744
245 _aCaracterización, conceptualización y análisis de los viajes de estudio generacionales en la Universidad Autónoma Chapingo
260 _aChapingo, Méx. :
_bEl autor,
_c1990
300 _a315 h.
500 _a39-229
502 _aTesis (Ing. Agr. Esp. en Bosques) -- UACH. División de Ciencias Forestales
590 _aALEPH
_b10
_c20130110
_lUCH01
_h1207
590 _aBATCH-UPD
_b10
_c20130110
_lUCH01
_h0157
590 _aBATCH-UPD
_b10
_c20130110
_lUCH01
_h1220
590 _aBATCH-UPD
_b10
_c20130410
_lUCH01
_h0755
590 _aBATCH-UPD
_b10
_c20130914
_lUCH01
_h0545
590 _aBATCH-UPD
_b10
_c20130914
_lUCH01
_h2133
590 _aBATCH-UPD
_b10
_c20140805
_lUCH01
_h1142
590 _aCONVERSION
_b10
_c20130109
_lUCH01
_h1302
650 1 4 _aAgricultura
_xAspectos económicos.
650 1 4 _aAgricultura
_xInvestigación.
_91577
650 1 4 _aBosques
_xInvestigación.
_914282
650 1 4 _aGanadería
_xInvestigación.
_944756
901 _aBK
942 _cTESIS
949 _bBC
_cTES
_d-10615
_eTS1
_h23235
_i1151
_si
999 _c994
_d994